الأدلة الرضية لمتن الدرر البهية في المسائل الفقهية للإمام محمد بن علي الشوكاني / (رقم التسجيلة. 16544)

تفاصيل مارك
000 -الفاتح
عناصر البيانات ثابتة الطول 00865cam a2200205 i 4500
005 - تاريخ ووقت آخر معاملة
حقل ضبط 20251209121609.0
008 - عناصر البيانات ثابتة الطول
عناصر البيانات ثابتة الطول 250721s9999 ye gr 000 0 ara d
082 14 - رقم تصنيف ديوي العشري
رقم التصنيف 216.12
رقم المادة ح ل ق
100 1# - مدخل رئيسي – اسم شخصي
الاسم الشخصي حلاق، محمد صبحي حسن
علاقة الشخص بالعمل/ دوره مؤلف.
245 12 - بيان العنوان
العنوان الأدلة الرضية لمتن الدرر البهية في المسائل الفقهية للإمام محمد بن علي الشوكاني /
بيان المسؤولية تاليف محمد صبحي حسن حلاق.
250 ## - بيان الطبعة
بيان الطبعة الطبعة الرابعة، مزيدة و منقحة
264 31 - بيانات النشر، التوزيع…إلخ
مكان النشر، التوزيع...إلخ صنعاء :
اسم الناشر، الموزع...إلخ مكتبة الأرشاد،
تاريخ النشر، التوزيع...إلخ [غبر معرف].
300 ## - الوصف المادي
عدد الوحدات المكونة للوعاء 364صفحة.
650 17 - مدخل إضافي بالموضوع - مصطلح موضوعي
مصطلح موضوعي أو اسم جغرافي كعنصر مدخل الفقه الإسلامي.
650 17 - مدخل إضافي بالموضوع - مصطلح موضوعي
مصطلح موضوعي أو اسم جغرافي كعنصر مدخل الأحكام الشرعية.
650 17 - مدخل إضافي بالموضوع - مصطلح موضوعي
مصطلح موضوعي أو اسم جغرافي كعنصر مدخل الحدود (شريعة إسلامية).
650 17 - مدخل إضافي بالموضوع - مصطلح موضوعي
مصطلح موضوعي أو اسم جغرافي كعنصر مدخل الإسلام.
942 ## - بيانات إضافية (كوها)
نوع التنصيف Dewey Decimal Classification
نوع المادة (كوها) كتب
المقتنيات
حالة السحب حالة الفقدان مصدر التصنيف حالة التلف غير قابل للإعارة المكتبة الرئيسية المكتبة الحالية موقع الرف تاريخ التزويد الرقم المتسلسل Total Checkouts رقم الإستدعاء الباركود تاريخ آخر ظهور تاريخ الفاتورة نوع المادة (كوها)
    Dewey Decimal Classification     المكتبة المركزية المكتبة المركزية الإعارة 06/07/2004 535419   216.12/حلا 535419 28/07/2025 06/07/2004 كتب
    Dewey Decimal Classification     المكتبة المركزية المكتبة المركزية مقتنيات قسم التزويد 28/07/2025 1387117   216.12 / ح ل ا   28/07/2025 28/07/2025 كتب
    Dewey Decimal Classification     مكتبة الأميرة ايمان العامة مكتبة الأميرة ايمان العامة الإعارة 09/11/2013 535420   216.12/حلا PLD00285421 28/07/2025 09/11/2013 كتب
    Dewey Decimal Classification     مكتبة الحسن العامة مكتبة الحسن العامة الإعارة 24/03/2019 535425...   216.12/حلا PLD00447579 28/07/2025 24/03/2019 كتب
    Dewey Decimal Classification     مكتبة صويلح العامة مكتبة صويلح العامة الإعارة 16/09/2015 535421   216.12/حلا PLD00347860 28/07/2025 16/09/2015 كتب
    Dewey Decimal Classification     مكتبة وادي السير العامة مكتبة وادي السير العامة الإعارة 20/03/2016 535430   216.12/حلا PLD00381215 28/07/2025 20/03/2016 كتب
Implemented & Customized by: BBB with SCIT (Smart Chains for Information Technology)

Powered by Koha